[Event "Wch Seniors 14th"]
[Site "Halle"]
[Date "2004.10.27"]
[Round "4"]
[White "Bromberger, Guenter"]
[Black "Lange, Detlef"]
[Result "1/2-1/2"]
[WhiteElo "1387"]
[BlackElo "2014"]
[PlyCount "57"]
[EventDate "2004.10.24"]
[EventType "swiss"]
[EventRounds "11"]
[EventCountry "GER"]
[SourceTitle "EXT 2005"]
[Source "ChessBase"]
[SourceDate "2004.11.15"]
[SourceVersion "1"]
[SourceVersionDate "2004.11.15"]
[SourceQuality "1"]

1. d4 e6 2. c4 Nf6 3. g3 c5 4. e3 d5 5. Nf3 Nc6 6. Nc3 Be7 7. b3 0-0 8. Bg2 Qa5 9. Bd2 Qa6 10. Nb5 Qb6 11. 0-0 Ne4 12. Nc3 Nxd2 13. Qxd2 dxc4 14. bxc4 Rd8 15. Rfb1 Qc7 16. d5 Bf6 17. e4 a6 18. a4 Na5 19. Bf1 Nc6 20. Ra3 Nb4 21. Qe2 e5 22. Bg2 Bg4 23. h3 Bd7 24. Ne1 b5 25. axb5 axb5 26. Rxa8 Rxa8 27. Nxb5 Bxb5 28. cxb5 Ra2 29. Qc4 1/2-1/2